<?xml version="1.0" encoding="UTF-8"?>
<resp>
  <nextPage>https://data.bn.org.pl/api/networks/bibs.marcxml?marc=001+b0000010844329&amp;sinceId=10844330</nextPage>
  <collection>
    <record xmlns='http://www.loc.gov/MARC21/slim'><leader>06093nam a2201441 i 4500</leader><controlfield tag='001'>b0000010844329</controlfield><controlfield tag='005'>20260528084941.1</controlfield><controlfield tag='008'>190613s2019    pl a         |001 0 pol c</controlfield><controlfield tag='009'>9910906316805606</controlfield><datafield ind1=' ' ind2=' ' tag='015'><subfield code='a'>UWD 2019/27917</subfield></datafield><datafield ind1=' ' ind2=' ' tag='020'><subfield code='a'>9788323346296</subfield><subfield code='q'>(oprawa miękka)</subfield></datafield><datafield ind1=' ' ind2=' ' tag='020'><subfield code='z'>9788323399711</subfield><subfield code='q'>(e-book)</subfield></datafield><datafield ind1=' ' ind2=' ' tag='035'><subfield code='a'>1744215-48omnis_uja</subfield></datafield><datafield ind1=' ' ind2=' ' tag='035'><subfield code='a'>(UJ)vtls001744215</subfield></datafield><datafield ind1=' ' ind2=' ' tag='035'><subfield code='a'>xx004642002</subfield></datafield><datafield ind1=' ' ind2=' ' tag='035'><subfield code='a'>(PL)b0000010844329</subfield></datafield><datafield ind1=' ' ind2=' ' tag='040'><subfield code='a'>KR U</subfield><subfield code='c'>KR U</subfield></datafield><datafield ind1='2' ind2=' ' tag='045'><subfield code='b'>d1945</subfield><subfield code='b'>d2018</subfield></datafield><datafield ind1=' ' ind2=' ' tag='046'><subfield code='k'>2019</subfield></datafield><datafield ind1=' ' ind2=' ' tag='080'><subfield code='8'>1.1\x</subfield><subfield code='a'>792(438)</subfield></datafield><datafield ind1=' ' ind2=' ' tag='080'><subfield code='8'>1.2\x</subfield><subfield code='a'>821.111(091)-2&quot;15&quot;</subfield></datafield><datafield ind1=' ' ind2=' ' tag='080'><subfield code='8'>1.3\x</subfield><subfield code='a'>821.111(091)-2&quot;16&quot;</subfield></datafield><datafield ind1=' ' ind2=' ' tag='080'><subfield code='8'>1.4\x</subfield><subfield code='a'>008(438)</subfield></datafield><datafield ind1=' ' ind2=' ' tag='084'><subfield code='a'>01</subfield></datafield><datafield ind1='1' ind2=' ' tag='100'><subfield code='a'>Świątkowska, Wanda</subfield><subfield code='e'>Autor</subfield><subfield code='e'>Ilustracje</subfield></datafield><datafield ind1='1' ind2='0' tag='245'><subfield code='a'>Hamlet.pl :</subfield><subfield code='b'>myślenie Hamletem w powojennej kulturze polskiej /</subfield><subfield code='c'>Wanda Świątkowska ; [komiks na podstawie Hamleta Williama Szekspira w przekładzie Stanisława Barańczaka z wykorzystaniem fragmentu przekładu Józefa Paszkowskiego i wiersza Tren Fortynbrasa Zbigniewa Herberta - rysunki i adaptacja Wanda Świątkowska].</subfield></datafield><datafield ind1=' ' ind2=' ' tag='250'><subfield code='a'>Wydanie I.</subfield></datafield><datafield ind1=' ' ind2=' ' tag='260'><subfield code='a'>[Kraków] :</subfield><subfield code='b'>Wydawnictwo Uniwersytetu Jagiellońskiego,</subfield><subfield code='c'>[copyright 2019].</subfield></datafield><datafield ind1=' ' ind2=' ' tag='300'><subfield code='a'>391, [1] strona, [54] strony tablic :</subfield><subfield code='b'>ilustracje ;</subfield><subfield code='c'>24 cm.</subfield></datafield><datafield ind1=' ' ind2=' ' tag='336'><subfield code='a'>Tekst</subfield><subfield code='b'>txt</subfield><subfield code='2'>rdacontent</subfield></datafield><datafield ind1=' ' ind2=' ' tag='337'><subfield code='a'>Bez urządzenia pośredniczącego</subfield><subfield code='b'>n</subfield><subfield code='2'>rdamedia</subfield></datafield><datafield ind1=' ' ind2=' ' tag='338'><subfield code='a'>Wolumin</subfield><subfield code='b'>nc</subfield><subfield code='2'>rdacarrier</subfield></datafield><datafield ind1=' ' ind2=' ' tag='380'><subfield code='a'>Książki</subfield></datafield><datafield ind1=' ' ind2=' ' tag='380'><subfield code='a'>Publikacje naukowe</subfield></datafield><datafield ind1='1' ind2=' ' tag='388'><subfield code='a'>2001-</subfield></datafield><datafield ind1='1' ind2=' ' tag='490'><subfield code='a'>Nowe Perspektywy. Performatyka</subfield></datafield><datafield ind1=' ' ind2=' ' tag='504'><subfield code='a'>Bibliografia na stronach 367-377. Indeks.</subfield></datafield><datafield ind1=' ' ind2=' ' tag='536'><subfield code='a'>Finansowanie: Wydział Polonistyki (Uniwersytet Jagielloński)</subfield></datafield><datafield ind1='1' ind2='7' tag='600'><subfield code='a'>Shakespeare, William</subfield><subfield code='d'>(1564-1616).</subfield><subfield code='t'>Hamlet</subfield><subfield code='2'>DBN</subfield></datafield><datafield ind1='1' ind2='0' tag='600'><subfield code='a'>Shakespeare, William,</subfield><subfield code='d'>1564-1616</subfield><subfield code='x'>Stage history</subfield><subfield code='z'>Poland.</subfield></datafield><datafield ind1='1' ind2='0' tag='600'><subfield code='a'>Shakespeare, William,</subfield><subfield code='d'>1564-1616</subfield><subfield code='x'>Appreciation</subfield><subfield code='z'>Poland.</subfield></datafield><datafield ind1='1' ind2='0' tag='600'><subfield code='a'>Shakespeare, William,</subfield><subfield code='d'>1564-1616.</subfield><subfield code='t'>Hamlet</subfield></datafield><datafield ind1=' ' ind2='7' tag='648'><subfield code='a'>1901-2000</subfield><subfield code='2'>DBN</subfield></datafield><datafield ind1=' ' ind2='7' tag='648'><subfield code='a'>1945-1989</subfield><subfield code='2'>DBN</subfield></datafield><datafield ind1=' ' ind2='7' tag='648'><subfield code='a'>1989-2000</subfield><subfield code='2'>DBN</subfield></datafield><datafield ind1=' ' ind2='7' tag='648'><subfield code='a'>2001-</subfield><subfield code='2'>DBN</subfield></datafield><datafield ind1=' ' ind2='7' tag='650'><subfield code='a'>Dramat (gatunek literacki)</subfield><subfield code='2'>DBN</subfield></datafield><datafield ind1=' ' ind2='7' tag='650'><subfield code='a'>Inscenizacja</subfield><subfield code='2'>DBN</subfield></datafield><datafield ind1=' ' ind2='7' tag='650'><subfield code='a'>Tragedia</subfield><subfield code='2'>DBN</subfield></datafield><datafield ind1=' ' ind2='7' tag='650'><subfield code='a'>Kultura</subfield><subfield code='2'>DBN</subfield></datafield><datafield ind1=' ' ind2='7' tag='650'><subfield code='a'>Literatura polska</subfield><subfield code='2'>DBN</subfield></datafield><datafield ind1=' ' ind2='7' tag='650'><subfield code='a'>Literatura angielska</subfield><subfield code='2'>DBN</subfield></datafield><datafield ind1=' ' ind2='7' tag='650'><subfield code='a'>Wpływ i recepcja</subfield><subfield code='2'>DBN</subfield></datafield><datafield ind1=' ' ind2='7' tag='650'><subfield code='a'>Teatr polski</subfield><subfield code='2'>DBN</subfield></datafield><datafield ind1=' ' ind2='7' tag='651'><subfield code='a'>Polska</subfield><subfield code='2'>DBN</subfield></datafield><datafield ind1=' ' ind2='7' tag='655'><subfield code='a'>Monografia</subfield><subfield code='2'>DBN</subfield></datafield><datafield ind1=' ' ind2=' ' tag='658'><subfield code='a'>Historia</subfield></datafield><datafield ind1=' ' ind2=' ' tag='658'><subfield code='a'>Literaturoznawstwo</subfield></datafield><datafield ind1=' ' ind2=' ' tag='658'><subfield code='a'>Kultura i sztuka</subfield></datafield><datafield ind1='2' ind2=' ' tag='710'><subfield code='a'>Wydawnictwo Uniwersytetu Jagiellońskiego</subfield><subfield code='e'>Wydawca</subfield><subfield code='4'>pbl</subfield></datafield><datafield ind1=' ' ind2='0' tag='830'><subfield code='a'>Nowe Perspektywy.</subfield><subfield code='p'>Performatyka</subfield></datafield><datafield ind1=' ' ind2=' ' tag='852'><subfield code='8'>22549419230005067</subfield><subfield code='j'>1</subfield><subfield code='h'>A 943838 II</subfield><subfield code='b'>BJ</subfield><subfield code='p'>1002706422</subfield><subfield code='c'>BJ_EGZ_A</subfield></datafield><datafield ind1=' ' ind2=' ' tag='852'><subfield code='8'>22848326930008343</subfield><subfield code='j'>1</subfield><subfield code='b'>GTS</subfield><subfield code='c'>310000</subfield><subfield code='z'>William Shakespeare</subfield></datafield><datafield ind1=' ' ind2=' ' tag='852'><subfield code='8'>22848326970008343</subfield><subfield code='j'>1</subfield><subfield code='b'>BG</subfield><subfield code='p'>1101266557</subfield><subfield code='c'>90000</subfield></datafield><datafield ind1=' ' ind2=' ' tag='852'><subfield code='8'>22775537830008415</subfield><subfield code='j'>1</subfield><subfield code='b'>KP</subfield><subfield code='p'>000029487400</subfield><subfield code='c'>CN</subfield><subfield code='z'>N677864</subfield></datafield><datafield ind1=' ' ind2=' ' tag='852'><subfield code='8'>22823850080008207</subfield><subfield code='j'>1</subfield><subfield code='h'>Z.746094</subfield><subfield code='b'>BPW_K</subfield><subfield code='p'>BPW00529770</subfield><subfield code='c'>ZAS</subfield></datafield><datafield ind1=' ' ind2=' ' tag='852'><subfield code='8'>221059470180008831</subfield><subfield code='j'>1</subfield><subfield code='h'>PR2807 .S848 2019</subfield><subfield code='b'>5100-BUW</subfield><subfield code='p'>1001228876</subfield><subfield code='c'>10002</subfield><subfield code='z'>PR2807 .S848 2019 egz.1; ## rok wyd. : 2019.</subfield></datafield><datafield ind1=' ' ind2=' ' tag='852'><subfield code='8'>22549419210005067</subfield><subfield code='j'>1</subfield><subfield code='h'>B 789958 II</subfield><subfield code='b'>BJ</subfield><subfield code='p'>1002706421</subfield><subfield code='c'>BJ_MAG</subfield></datafield><datafield ind1=' ' ind2=' ' tag='852'><subfield code='b'>48OMNIS_ZNO</subfield><subfield code='8'>991003001129707663</subfield></datafield><datafield ind1=' ' ind2=' ' tag='852'><subfield code='b'>48OMNIS_UOW</subfield><subfield code='8'>991005259339708831</subfield></datafield><datafield ind1=' ' ind2=' ' tag='852'><subfield code='8'>22594104390005066</subfield><subfield code='j'>1</subfield><subfield code='h'>3.527.624</subfield><subfield code='b'>BN_PL</subfield><subfield code='p'>30001027816286</subfield><subfield code='c'>bk8</subfield></datafield><datafield ind1=' ' ind2=' ' tag='852'><subfield code='8'>22594104420005066</subfield><subfield code='j'>1</subfield><subfield code='h'>3.100.733 A</subfield><subfield code='b'>BN_PL</subfield><subfield code='p'>30001027816279</subfield><subfield code='c'>bk1</subfield></datafield><datafield ind1=' ' ind2=' ' tag='852'><subfield code='8'>2273889550007411</subfield><subfield code='j'>1</subfield><subfield code='b'>BU</subfield><subfield code='p'>AJ13910</subfield><subfield code='c'>DZKN</subfield><subfield code='z'>ZP/454/19</subfield></datafield><datafield ind1=' ' ind2=' ' tag='852'><subfield code='8'>22848326930008343</subfield><subfield code='j'>1</subfield><subfield code='b'>GTS</subfield><subfield code='c'>310000</subfield><subfield code='z'>William Shakespeare | W książce dedykacja</subfield></datafield><datafield ind1=' ' ind2=' ' tag='852'><subfield code='8'>22860137750008836</subfield><subfield code='j'>1</subfield><subfield code='b'>WBPL</subfield><subfield code='p'>230000281406</subfield><subfield code='c'>DZA</subfield></datafield><datafield ind1=' ' ind2=' ' tag='852'><subfield code='8'>22528399470005067</subfield><subfield code='j'>1</subfield><subfield code='h'>Wypoż. 15010</subfield><subfield code='b'>BWP</subfield><subfield code='p'>1807064517</subfield><subfield code='c'>BWP_WYPS</subfield></datafield><datafield ind1=' ' ind2=' ' tag='852'><subfield code='8'>22810276210008206</subfield><subfield code='j'>1</subfield><subfield code='b'>UOP</subfield><subfield code='p'>621541</subfield><subfield code='c'>MAG01</subfield></datafield><datafield ind1=' ' ind2=' ' tag='852'><subfield code='8'>221059470230008831</subfield><subfield code='j'>0</subfield><subfield code='b'>3000-BWB</subfield><subfield code='p'>1060004605</subfield><subfield code='c'>460000</subfield><subfield code='z'> ## rok wyd. : 2019.</subfield></datafield><datafield ind1=' ' ind2=' ' tag='852'><subfield code='b'>48OMNIS_UMKWT</subfield><subfield code='8'>991001086779706926</subfield></datafield><datafield ind1=' ' ind2=' ' tag='852'><subfield code='b'>48OMNIS_UJA</subfield><subfield code='8'>991000118999705067</subfield></datafield><datafield ind1=' ' ind2=' ' tag='852'><subfield code='8'>22528399500005067</subfield><subfield code='j'>1</subfield><subfield code='h'>99481</subfield><subfield code='b'>BWP</subfield><subfield code='p'>1807063036</subfield><subfield code='c'>BWP_K</subfield></datafield><datafield ind1=' ' ind2=' ' tag='852'><subfield code='8'>22528399500005067</subfield><subfield code='j'>1</subfield><subfield code='h'>99481</subfield><subfield code='b'>BWP</subfield><subfield code='p'>1807063028</subfield><subfield code='c'>BWP_K</subfield></datafield><datafield ind1=' ' ind2=' ' tag='852'><subfield code='b'>48FAR_UGD</subfield><subfield code='8'>991008079989708343</subfield></datafield><datafield ind1=' ' ind2=' ' tag='852'><subfield code='b'>48UWM_INST</subfield><subfield code='8'>990014125580107411</subfield></datafield><datafield ind1=' ' ind2=' ' tag='852'><subfield code='8'>22334937910006926</subfield><subfield code='j'>1</subfield><subfield code='h'>49365</subfield><subfield code='b'>CMFTORU</subfield><subfield code='p'>304000811846</subfield><subfield code='c'>MG_k_fp</subfield></datafield><datafield ind1=' ' ind2=' ' tag='852'><subfield code='b'>48OMNIS_KPS</subfield><subfield code='8'>990007956760208415</subfield></datafield><datafield ind1=' ' ind2=' ' tag='852'><subfield code='8'>2267167720007663</subfield><subfield code='j'>1</subfield><subfield code='h'>865.259</subfield><subfield code='b'>ZNO-SZEW</subfield><subfield code='p'>1000273480</subfield><subfield code='c'>10000</subfield></datafield><datafield ind1=' ' ind2=' ' tag='852'><subfield code='b'>48OMNIS_UKSW</subfield><subfield code='8'>991001628429707669</subfield></datafield><datafield ind1=' ' ind2=' ' tag='852'><subfield code='b'>48OMNIS_KUL</subfield><subfield code='8'>991008233929706831</subfield></datafield><datafield ind1=' ' ind2=' ' tag='852'><subfield code='b'>48OMNIS_UOP</subfield><subfield code='8'>990008124880108206</subfield></datafield><datafield ind1=' ' ind2=' ' tag='852'><subfield code='b'>48OMNIS_NLOP</subfield><subfield code='8'>991052563259205066</subfield></datafield><datafield ind1=' ' ind2=' ' tag='852'><subfield code='b'>48OMNIS_WBPL</subfield><subfield code='8'>991010150029708836</subfield></datafield><datafield ind1=' ' ind2=' ' tag='852'><subfield code='8'>221059470230008831</subfield><subfield code='j'>0</subfield><subfield code='b'>3000-BWB</subfield><subfield code='p'>1060003184</subfield><subfield code='c'>460000</subfield><subfield code='z'> ## rok wyd. : 2019.</subfield></datafield><datafield ind1=' ' ind2=' ' tag='852'><subfield code='8'>22101475200007661</subfield><subfield code='j'>1</subfield><subfield code='b'>10000</subfield><subfield code='p'>1011281668</subfield><subfield code='c'>U_BGmag</subfield></datafield><datafield ind1=' ' ind2=' ' tag='852'><subfield code='b'>48OMNIS_BPW</subfield><subfield code='8'>991053594853808207</subfield></datafield><datafield ind1=' ' ind2=' ' tag='852'><subfield code='b'>48OMNIS_UMCS</subfield><subfield code='8'>991007518329707661</subfield></datafield><datafield ind1=' ' ind2=' ' tag='852'><subfield code='8'>22334937890006926</subfield><subfield code='j'>1</subfield><subfield code='h'>Eibf.o|Shakespeare W./Świątkowska, Wanda/Ham/2019</subfield><subfield code='b'>TORU</subfield><subfield code='p'>300051310412</subfield><subfield code='c'>Literat_bg</subfield></datafield><datafield ind1=' ' ind2=' ' tag='852'><subfield code='8'>22177028670006831</subfield><subfield code='j'>1</subfield><subfield code='h'>711139 II</subfield><subfield code='b'>BuKul</subfield><subfield code='p'>1001209286</subfield><subfield code='c'>BG_Magazyn</subfield></datafield><datafield ind1=' ' ind2=' ' tag='852'><subfield code='b'>48OMNIS_NETWORK</subfield><subfield code='8'>9910906316805606</subfield></datafield><datafield ind1=' ' ind2=' ' tag='852'><subfield code='8'>221059470200008831</subfield><subfield code='j'>1</subfield><subfield code='b'>3300-BWN</subfield><subfield code='p'>1050049554</subfield><subfield code='c'>780001</subfield><subfield code='z'> ## rok wyd. : 2019.</subfield></datafield><datafield ind1=' ' ind2=' ' tag='852'><subfield code='8'>22125944720007669</subfield><subfield code='j'>1</subfield><subfield code='b'>WA_392</subfield><subfield code='p'>356809</subfield><subfield code='c'>GEN</subfield></datafield><datafield ind1=' ' ind2=' ' tag='852'><subfield code='8'>22848326950008343</subfield><subfield code='j'>1</subfield><subfield code='b'>BG</subfield><subfield code='p'>1101282567</subfield><subfield code='c'>90005</subfield><subfield code='z'>SZ.6.9.2.1 Świątkowska</subfield></datafield><datafield ind1=' ' ind2=' ' tag='920'><subfield code='z'>978-83-233-9971-1 (e-book)</subfield></datafield><datafield ind1=' ' ind2=' ' tag='920'><subfield code='a'>978-83-233-4629-6 (oprawa miękka)</subfield></datafield></record>
  </collection>
</resp>
